Evicción y saneamiento
-д хадгалсан:
| Үндсэн зохиолч: | |
|---|---|
| Формат: | Ном |
| Хэл сонгох: | испани |
| Хэвлэсэн: |
Pamplona
Aranzadi
2002
|
| Цуврал: | Colección Monografías Aranzadi, 206
|
| Нөхцлүүд: | |
| Шошгууд: |
Шошго нэмэх
Шошго байхгүй, Энэхүү баримтыг шошголох эхний хүн болох!
|
MARC
| LEADER | 00000nam a2200000 a 4500 | ||
|---|---|---|---|
| 001 | UCL2873 | ||
| 003 | CL-VaPUC | ||
| 008 | 031107e20020000SP |||||||||||||||||spa|d | ||
| 020 | |a 848410902X | ||
| 082 | 0 | 4 | |a 346.001 |b DUR |2 21 |
| 100 | 0 | |a Durán Rivacoba, Ramón |e author |9 480029 | |
| 245 | 1 | 0 | |a Evicción y saneamiento |
| 300 | |a 360 p | ||
| 942 | |c BK | ||
| 945 | |d 20031107 00:00:00 |a cmena | ||
| 260 | |a Pamplona |b Aranzadi |c 2002 | ||
| 650 | 0 | |a Derecho civil |9 255013 | |
| 650 | 0 | |a Filosofía del derecho |9 255050 | |
| 650 | 0 | |a Derechos reales |9 257708 | |
| 650 | 7 | |a EVICCION |2 CL-VaPUC |9 480030 | |
| 650 | 0 | |a Contratos |9 255153 | |
| 650 | 7 | |a RESPONSABILIDAD CIVIL |2 CL-VaPUC |9 480031 | |
| 583 | |a last modification |c 20130608 02:06:07 |k Rodrigo Vera | ||
| 490 | 0 | |a Colección Monografías Aranzadi, 206 | |
| 999 | |c 306047 |d 306045 | ||
| 952 | |0 0 |1 0 |4 0 |6 346_001000000000000_DUR_2002 |7 0 |8 A |9 370741 |a BIBDER |b BIBDER |d 2019-11-21 |i 3876438 |l 1 |o 346.001 DUR 2002 |p 3876438 |r 2023-12-07 |s 2023-12-07 |w 2019-11-21 |y BK |k DER | ||